Statistics for Светско првенство у фудбалу 2022.

Click here to take the quiz!

General Stats

  • This quiz has been taken 537 times
  • The average score is 24 of 32

Answer Stats

ГрупаРепрезентација% Correct
Група ГСрбија
99%
Група ГБразил
97%
Група ЦАргентина
95%
Група ДФранцуска
94%
Група ГШвајцарска
93%
Група ФХрватска
91%
Група ХПортугалија
89%
Група ЕШпанија
88%
Група ЕНемачка
88%
Група ГКамерун
87%
Група АКатар
87%
Група БЕнглеска
84%
Група ЕЈапан
81%
Група АХоландија
79%
Група ФМароко
78%
Група БСједињене Државе
77%
Група ФБелгија
75%
Група ФКанада
73%
Група ХУругвај
72%
Група ЦСаудијска Арабија
71%
Група АСенегал
68%
Група ЦПољска
68%
Група ДАустралија
68%
Група ХЈужна Кореја
68%
Група ДДанска
67%
Група ЦМексико
66%
Група АЕквадор
63%
Група БВелс
61%
Група ХГана
61%
Група БИран
59%
Група ЕКостарика
54%
Група ДТунис
44%

Score Distribution

Percentile by Number Answered

Percent of People with Each Score

Your Score History

You have not taken this quiz